000 00378nam a22001697a 4500
999 _c11514
_d11514
003 OSt
008 220906b ||||| |||| 00| 0 eng d
020 _a9789390385843
082 _a621.57 ARR
100 _aARORA,CP
245 _aRefrigeration and air conditioning
250 _a4th
260 _aNew delhi
_bTMH
_c2021
300 _a915
650 _aME
942 _2ddc
_cBK